| 000 | 00574nam a2200181Ia 4500 | ||
|---|---|---|---|
| 999 |
_c34104 _d34104 |
||
| 003 | OSt | ||
| 005 | 20200805104506.0 | ||
| 008 | 190216s9999||||xx |||||||||||||| ||und|| | ||
| 020 | _a9788122414615 | ||
| 040 | _coclc | ||
| 082 |
_a519.4 _bJAI/N |
||
| 100 |
_aJain, M K _93888 |
||
| 245 | 0 |
_aNumerical Methods For Scientific and Engineering Computation / _cM K Jain ; S R K Iyengar ; R K Jain |
|
| 250 | _a4th Ed. | ||
| 260 |
_bNew Age International Publishers, _aNew Delhi: _c2005. |
||
| 300 | _a832p | ||
| 942 |
_cBK _2ddc _h519.4 _iJAI/N _k519.4 _mJAI/N |
||